Nechcú prísť o dobré meno!

Bibliographic Details
Main Author: Hrubovčák, Jozef (Author)
Format: Article
Language:Slovak
PhysicalDescription:Obr. 1.
Subjects:

MARC

LEADER 00000nab a2200000 a 4500
001 vtls000126757
003 SK-MaSNL
005 20260303032553.0
008 111104c1982 xo 0 slo
015 |a SNBRB19rr/mm-uuuuu 
035 |a CL0136862 
040 |a SNKBUCL  |b slo  |c SNKBUCL  |e AACR2 
041 0 |a slo 
044 |a xo  |c SK 
080 |a 788  |2 1981 
100 1 |a Hrubovčák, Jozef  |4 aut  |9 265648 
245 1 0 |a Nechcú prísť o dobré meno!  |c Jozef Hrubovčák 
300 |b Obr. 1. 
650 0 7 |a dychová hudba  |2 snkbucl  |9 3426 
650 0 7 |a Dychový orchester v ĽŠU, Humenné  |2 snkbucl  |9 1015457 
651 7 |a 5402  |2 snkbucl  |9 366935 
655 7 |a články z novín a časopisov  |2 snkbucl  |9 267496 
773 0 |t Rytmus  |g Roč. 33, č. 9 (1982), s. 29 
850 |a Slovenská národná knižnica v Martine  |a MTA001 
852 |a SNK  |b KIS3GCP 
958 |a RK 
992 |a RBX 
999 |c 1665331  |d 1667261